000 00974nam a2200277 i 4500
001 bg
100 1 _aŻUCHOWSKA, Danuta
245 1 0 _aPolimery konstrukcyjne :
_bwprowadzenie do technologii i stosowania /
_cDanuta Żuchowska.
260 _aWarszawa :
_bWydawnictwa Naukowo-Techniczne,
_c1995.
300 _a264 s. :
_bfot., rys., wykr. ;
_c24 cm.
490 1 _aTworzywa Sztuczne
504 _aBibliogr. s. 250-253. - Indeks.
521 _aDla studentów wyższych uczelni i słuchaczy studiów podyplomowych specjalizujących się w zakresie technologii przetwórstwa i stosowania tworzyw sztucznych.
650 9 _aPolimery
650 9 _aTworzywa konstrukcyjne
650 9 _aTworzywa sztuczne
_xtechnologia
655 _aPodręczniki akademickie
830 _aTworzywa Sztuczne
020 _a8320419239
040 _cBPK
041 0 _apl
080 _a678.7(075.8)
920 _a83-204-1923-9
942 _cKS
008 s pl f |000 0 pol
999 _c33072
_d33072
856 _uhttp://koha.tu.koszalin.pl/cgi-bin/koha/opac-detail.pl?biblionumber=33072
_yKatalog online BPK